Manaco - Statistics

General Stats
  • This quiz has been taken 37 times
  • The average score is 3 of 56
Answer Stats
Answer % Correct
Dime dime esto es lo que tu queria?
100%
Tengo la ruta tengo la via si tengo la via
50%
Tu eres un charro Rocky The Kid una porqueria
50%
Yo soy fino esto es trap de galeria
50%
Yo un campeon Rocky Marciano Rocky Balboa Rocky Maivia
50%
A mis nieto cuando muera les vo'a dejar cien terreno
0%
A ti no te conocen ni en tu barrio
0%
A toa mis dona las pompis y los seno
0%
Ayer estaba con LeBron tambien con DiCaprio
0%
Bebiendo mucha champana, nunca estamos seco
0%
Bebiendo mucha champana nunca estamos seco
0%
Bebiendo mucha champaña, nunca estamos seco'
0%
Bebiendo mucha champaña, nunca estamos seco'
0%
Chingando y viajando en el mundo entero ey
0%
Creeme los carros de F1 son mas rapido en persona
0%
de los Beatle John Lennon
0%
Digo multimillonario digo je de billonario
0%
El signo del dinero ese e'mi nuevo zodiaco
0%
Es como meter un gol después de Messi y Maradona
0%
Estan hablando solo estan hablando con el eco
0%
Estan hablando solo', están hablando con el eco
0%
Hablamo de la familia y temas de millonario
0%
Hace rato sin cojone que me tiene la radio
0%
Hoy me depositaron a los GRAMMY nominaron
0%
Lo que es tirar quinientos mil en el putero
0%
Los gasto de noche facturo to el dia
0%
Mas que tu esta cobrando mi barbero
0%
Me chapeen por eso le meto a toa estas arpia
0%
Me preguntaron que como me fue en los estadio
0%
Otra vez me criticaron y ninguna me importaron
0%
¿Pa qué? pa que se estrellen
0%
¿Pa qué? pa que se estrellen, je, pa que se maten
0%
pa que se maten (pa que se maten)
0%
pa que se maten (pa que se maten)
0%
Por eso tu estas 101 en el top 100 y yo estoy primero
0%
Por eso tu opinion me importa cero
0%
Prende un Phillie, la familia está en Mónaco
0%
Prende un puro la familia esta en Monaco
0%
Primero llego Verstappen despues llego Checo
0%
Primero llegó Verstappen, después llegó Checo
0%
Que en paz descansen, yo sigo en el yate, ¡ey!
0%
Que la azafata te mame el bicho en el cielo
0%
Rojo o blanco, negro mate, ¿cuál tú quiere'?
0%
Si Pablo me viera diria que soy un berraco
0%
Si Pablo me viera, diría que soy un berraco
0%
Sofia Vergara es linda pero es mas linda en persona rica
0%
Tanta plata que que me gusta que
0%
Ustede hablando mierda y yo y los mio por Monaco
0%
Ustede' hablando mierda y yo y los mío' por Mónaco
0%
Ustedes no saben lo que es estar en altamar con dosciento cuero
0%
Uy je querido diario
0%
Y a mi hater un F40 sin los freno
0%
Ya no son rapero ahora son podcastero
0%
Yo sigo tranquilo en la mia Don Vito, Don Beno
0%
Hace rato me quite del trap yo se lo deje a Eladio
0%
Lo que tu haga a mi no me impresiona
0%
No matching quizzes found
Score Distribution
Percent of People with Each Score
Percentile by Number Answered
Your Score History
You have not taken this quiz